01185cam a22003255a 4500999001700000001001000017003000900027005001700036008004100053020001800094020001500112040004600127082002300173100003300196245007800229250002300307264004900330300002800379336002600407337002800433338002700461500003300488650004600521650006300567651001000630653002700640655002400667942001200691952015600703 c26212d26184011964665EG-ScBUE20210318113443.0021223r20022000enk f 000 0 eng d a9780413771346 a0413771342 aStDuBDSbengerdadUkdEG-ScBUEcEG-ScBUE04a822.91409bDRO2221 aDromgoole, Dominic,eauthor.14aThe full room :ban A-Z of contemporary playwriting /cDominic Dromgoole. aReprinted edition. 1aLondon :bMethuen Publishing Limited,c2002. axiv, 306 pages ;c22 cm 2rdacontentatextbtxt 2rdamediaaunmediatedbn 2rdacarrieravolumebnc aOriginally published : 2000. 7aDramatists, Englishy20th century.2BUEsh 7aEnglish dramay20th centuryxHistory and criticism.2BUEsh 2BUEsh bHHUUEENNcFebruary2018 vReading book934232 2ddccBB 00102ddc40708BaccahaMAINbMAINc2NDd2018-02-28ePurchaseg163.00h21201l0o822.91409 DROp000047318r2025-07-15 00:00:00v204.00w2018-02-28yBB